000 00564nam a22002291a 4500
001 3402
003 OSt
005 20260204211849.0
008 040901s1993||||mx ||||||b||||||||||spa||
020 _a958600127x
050 _a620.1123 B392m
082 _a620.1123 B392m
100 _aBeer, Fernando P.
245 _aMecánica de materiales / Fernando P. Beer
250 _a2
264 _aMéxico : McGraw-Hill
300 _a738 p
500 _aIncluye indice
650 _a1.Mecánica de Materiales
700 _aJonnston, E. RussellÌ
942 _2ddc
_cBK
999 _c3402
_d3402